|
|
|
|
| LEADER |
00000cam a2200000 4500 |
| 001 |
vtls012264119 |
| 003 |
SK-MaSNL |
| 005 |
20260301192639.0 |
| 008 |
240925s2024 xo l frnp 000 0 slo |
| 015 |
|
|
|a SNBA2024/10
|
| 020 |
|
|
|a 9788056806418
|q (brožované)
|
| 040 |
|
|
|a SNK
|b slo
|c SNK
|e rda
|
| 041 |
0 |
|
|a slo
|
| 044 |
|
|
|a xo
|c SK
|
| 072 |
|
7 |
|a 005
|x Manažment. Riadenie
|2 konspekt
|
| 072 |
|
7 |
|a 37.016
|x Učebné osnovy. Vyučovacie predmety. Učebnice
|2 konspekt
|
| 080 |
|
|
|a 005
|2 2011
|
| 080 |
|
|
|a 364-78
|2 2011
|
| 080 |
|
|
|a 005.31
|2 2011
|
| 080 |
|
|
|a (075.8)
|2 2011
|
| 100 |
1 |
|
|a Mydlíková, Eva,
|d 1957-
|4 aut
|9 201090
|
| 245 |
1 |
0 |
|a Manažment v sociálnej práci
|c Eva Mydlíková
|
| 250 |
|
|
|a Vyd. 2., rozšírené a inovované
|
| 264 |
|
1 |
|a Trnava
|b Typi Universitatis Tyrnaviensis
|c 2024
|
| 300 |
|
|
|a 132 strán
|b schémy, tabuľky
|c 21 cm
|
| 336 |
|
|
|a text
|b txt
|2 rdacontent
|
| 337 |
|
|
|a bez média
|b n
|2 rdamedia
|
| 338 |
|
|
|a zväzok
|b nc
|2 rdacarrier
|
| 500 |
|
|
|a Obsahuje poznámky pod čiarou
|
| 500 |
|
|
|a Obsahuje zoznam obrázkov
|
| 500 |
|
|
|a Obsahuje zoznam cvičení
|
| 500 |
|
|
|a Pre Fakultu zdravotníctva a sociálnej práce Trnavskej univerzity vydalo vydavateľstvo Typi Universitatis Tyrnaviensis
|
| 504 |
|
|
|a Obsahuje bibliografiu na strane 132 a bibliografické odkazy
|
| 650 |
0 |
7 |
|a manažment
|2 SNKPH
|9 922
|
| 650 |
0 |
7 |
|a sociálna práca
|2 SNKPH
|9 1550
|
| 650 |
0 |
7 |
|a rozhodovanie
|2 SNKPH
|9 1671
|
| 650 |
0 |
7 |
|a Management
|2 SNKPHeng
|9 265406
|
| 650 |
0 |
7 |
|a Social work
|2 SNKPHeng
|9 268197
|
| 650 |
0 |
7 |
|a Decision making
|2 SNKPHeng
|9 306451
|
| 655 |
|
7 |
|a učebnice vysokých škôl
|2 SNKPH
|9 70191
|
| 655 |
|
7 |
|a Textbooks (higher)
|2 SNKPHeng
|9 276436
|
| 700 |
1 |
|
|a Janíková, Jana
|c (typografka)
|4 bkd
|9 252591
|
| 700 |
1 |
|
|a Petržalka, Marek
|4 bjd
|9 232784
|
| 710 |
2 |
|
|a Trnavská univerzita v Trnave.
|b Fakulta zdravotníctva a sociálnej práce
|4 pbl
|9 180172
|
| 852 |
|
|
|a Slovenská národná knižnica
|
| 919 |
|
|
|a 978-80-568-0641-8
|
| 954 |
|
|
|a odborná, vedecká literatúra pôvodná (slovenská)
|2 lita
|
| 958 |
|
|
|a NB
|
| 999 |
|
|
|c 874751
|d 876681
|
| 952 |
|
|
|a SNK
|b SNK
|y VYP
|7 0
|p 17A1562028
|o snkSC 208245 D1
|i snk2024/17183
|8 3
|g 49.20
|0 0
|1 0
|4 0
|d 2024-11-12
|l 0
|r 2026-02-24 05:54:53
|w 2026-02-24
|
| 952 |
|
|
|a SNK
|b SNK
|y PREZ
|7 0
|p 17A1553320
|o snkSC 208245
|i snk2024/15703
|8 0
|0 0
|1 0
|4 0
|d 2024-10-11
|l 0
|r 2025-10-31 00:00:00
|w 2026-02-24
|